[Event "Vandoeuvre op 11th"]
[Site "Vandoeuvre"]
[Date "2014.12.27"]
[Round "4"]
[White "Wagner, Dennis"]
[Black "Gharamian, Tigran"]
[Result "1/2-1/2"]
[WhiteElo "2488"]
[BlackElo "2658"]
[Annotator "Primel,D"]
[PlyCount "86"]
[EventDate "2014.12.26"]
[EventType "swiss"]
[EventRounds "9"]
[EventCountry "FRA"]
[SourceTitle "EXT 2017"]
[Source "ChessBase"]
[SourceDate "2016.10.25"]
[SourceVersion "1"]
[SourceVersionDate "2016.10.25"]
[SourceQuality "1"]

1. d4 Nf6 {01h30} 2. c4 g6 3. Nc3 d5 {Une petite surprise car le français n'a
aucune partie dans les bases avec une Grunfeld} 4. cxd5 Nxd5 5. Bd2 {83 Après
quelques minutes de réflexion, l'allemand préfère éviter la grande ligne 5.
e4} (5. e4) 5... Bg7 6. e4 {83} Nxc3 (6... Nb6 {La ligne principale}) 7. Bxc3 {
L'idée de la variante Bd2 pour limiter la pression Noire sur le centre Blanc}
O-O 8. Qd2 {84} (8. Nf3) 8... Nc6 $5 {89 La préparation des Noirs qui veulent
économiser le coup habituel c5 mais cette variante avait été jouée par
CARLSEN quelques semaines plus tôt lors d'une partie du Championnat du Monde}
(8... c5 {Plus courant} 9. d5 Bxc3 10. bxc3 $1 {Sans B de cases Noires, les
Noirs ont moins de pression sur le centre} Qd6 11. f4 $14 {Gelfand,B (2777)
-Dominguez Perez,L (2754) Tata Steel-A 76th 2014 (9) 1/2}) 9. Nf3 {84
Répondant à tempo} Bg4 10. d5 Bxf3 11. Bxg7 (11. gxf3 Ne5 12. Be2) 11... Kxg7
{03 Il n'y a plus qu'une seule partie dans les bases et il va être
intéressant de voir la tentative d'amélioration des Noirs sur la partie du
Championnat du Monde jouée en novembre 2014.} 12. gxf3 {84  continuant de
jouer à tempo} Ne5 13. O-O-O f6 $5 $146 {06 La préparation des Noirs qui
tentent de libérer une case de repli en "f7" pour le N comme dans la partie
de Norvège mais en évitant de sacrifier le P"c6"} (13... c6 14. Qc3 f6 {
Anand,V (2792)-Carlsen,M (2863) World Championship 2014 (1) 1/2}) 14. f4 {
84 Le MI n'est pas surpris par la nouveauté et il répond toujours à tempo.
A ce moment de la partie, le GMI était peut-être un peu décu par le faible
impact de son changement de répertoire.} Nf7 15. Bh3 $1 {[%csl Gc8,Ge6,Gh3]
Reprenant une idée de la partie de référence qui avait donné un milieu de
jeu très favorable aux Blancs} c6 $1 {79} 16. Kb1 {77} (16. dxc6 Qc7 (16...
Qb6) 17. Kb1 Rfd8 $132) 16... Qb6 {58} 17. Rhe1 Rad8 18. Qc2 {73} Rfe8 19. Be6
$14 {61} Nd6 20. dxc6 {45 Une position critique} Nb5 $1 {55} 21. Qb3 {40} (21.
cxb7 $4 Nd4 {[%cal Gd4c2,Gd4e6]}) 21... bxc6 22. Bd7 $1 Rf8 23. a4 {34} (23.
Qe6 $2 Nc3+ {[%cal Gc3d1]}) 23... Qxf2 $1 (23... Nc7 $6 24. Qxb6 axb6 {[%csl
Rc6,Gd7] Avec une domination du N par le B et une finale difficile pour les
Noirs}) 24. Qg3 {18} (24. axb5 Rxd7 {[%csl Re1]}) 24... Qxg3 25. hxg3 Nc7 26.
Bxc6 $14 {Les pièces Blanches sont plus actives et avec l'avantage d'espace,
l'allemand peut tenter de torturer le GMI dans cette finale favorable.} e5 27.
b4 {11 La mobilisation des majorités sur les ailes opposées expose
peut-être un peu plus celui des Blancs} exf4 $1 28. gxf4 g5 (28... h5) 29. b5
{11} gxf4 30. Kc2 f3 (30... Ne6 $5 31. Bd5 (31. Rg1+ Ng5 32. e5 Rxd1 33. exf6+
Kxf6 $132 {[%csl Gf4,Gh7]}) 31... Ng5) 31. Rg1+ Kf7 32. Rdf1 Ne6 $132 {[%csl
Ge6][%cal Ge6d4] Après la simplification à l'aile-roi et la centralisation
du K, les Noirs ont des bonnes chances de nulle} 33. Bd5 {5} Ke7 34. Bxe6 Kxe6
35. Rg7 Rf7 36. Rxf7 Kxf7 37. Rxf3 Rd4 38. e5 Rxa4 39. Rxf6+ Ke7 40. Rh6 Ra5
41. Rxh7+ Ke6 $11 42. Kc3 Rxb5 (42... Kxe5) 43. Rxa7 Rxe5 1/2-1/2

[Event "Tavasz Kecskemet"]
[Site "Kecskemet"]
[Date "1998.04.08"]
[Round "?"]
[White "Prusikin, Michael"]
[Black "Farkas, Tibor"]
[Result "1-0"]
[WhiteElo "2430"]
[BlackElo "2340"]
[Annotator "Prusikin,M"]
[PlyCount "49"]
[EventDate "1998.04.??"]
[EventType "game"]
[EventRounds "1"]
[EventCountry "HUN"]
[SourceTitle "EXT 2013"]
[Source "ChessBase"]
[SourceDate "2012.11.22"]
[SourceVersion "1"]
[SourceVersionDate "2012.11.22"]
[SourceQuality "1"]

1. d4 Nf6 2. c4 g6 3. Nc3 d5 4. Nf3 Bg7 5. cxd5 Nxd5 6. e4 Nxc3 7. bxc3 c5 8.
Rb1 O-O 9. Be2 Nc6 10. d5 Ne5 11. Nxe5 Bxe5 12. Qd2 e6 13. f4 Bc7 14. O-O exd5
15. exd5 Ba5 16. Rb5 $5 $146 b6 (16... a6 $2 17. Rxa5 Qxa5 18. f5 Re8 $8 19. f6
c4 $8 20. Kh1 Qc5 21. d6 Kh8 22. d7 Bxd7 23. Qxd7 Rxe2 24. Qxf7 Qf8 25. Qxc4
Rae8 26. f7 R8e4 27. Ba3 Rxc4 28. Bxf8 Rf4 29. Kg1 Rxf1+ 30. Kxf1 Re6 31. Be7
$18) (16... Re8 $1 17. Kh1) 17. Rxa5 {wer "A" sagt...} bxa5 18. Ba3 Bb7 $6 (
18... Qd6 {hält das Gleichgewicht:} 19. c4 Re8 20. Bd3 $44) 19. c4 $16 Rc8 20.
f5 Re8 21. fxg6 hxg6 22. Bg4 $6 (22. Rf3 $18) 22... Ba6 $2 (22... f5 $8 23. Bf3
$14) 23. Bxc8 Qxc8 24. Bb2 Kf8 25. Qh6+ 1-0

[Event "ESP-chT CECLUB Honor"]
[Site "Melilla"]
[Date "2011.11.26"]
[Round "7"]
[White "Graf, Alexander"]
[Black "Fernandez Garcia, Jose Luis"]
[Result "1-0"]
[WhiteElo "2633"]
[BlackElo "2434"]
[Annotator "RR"]
[PlyCount "126"]
[EventDate "2011.11.21"]
[EventType "team-tourn"]
[EventRounds "7"]
[EventCountry "ESP"]
[SourceTitle "CBM 146"]
[Source "ChessBase"]
[SourceDate "2012.01.18"]
[SourceVersion "1"]
[SourceVersionDate "2012.01.18"]
[SourceQuality "1"]
[WhiteTeam "Colegio Marcote EIKM"]
[BlackTeam "Cajacanarias"]
[WhiteTeamCountry "ESP"]
[BlackTeamCountry "ESP"]

1. d4 Nf6 2. c4 g6 3. Nc3 d5 4. cxd5 Nxd5 5. e4 Nxc3 6. bxc3 Bg7 7. Be3 c5 8.
Qd2 cxd4 9. cxd4 Nc6 10. Bb5 O-O 11. Ne2 Bd7 12. Rb1 a6 13. Bd3 b5 14. Bh6 Qa5
15. Bxg7 Kxg7 16. Qxa5 Nxa5 17. Kd2 f5 18. f3 Rac8 19. Rhc1 fxe4 20. fxe4 Rf2
21. Rxc8 Bxc8 22. Rg1 Bg4 23. Ke3 Bxe2 24. Bxe2 Rf6 25. d5 e5 26. Rc1 Nb7 27.
Rc7+ Rf7 28. Rc6 Rf6 29. a4 Nd6 30. Bd3 h5 31. Ke2 bxa4 32. Rxa6 Kh6 33. Rxa4
Kg5 34. Ke3 Rf8 35. Ra6 Rd8 36. Be2 Kf6 37. h4 Ke7 38. g4 hxg4 39. Bxg4 Rb8 40.
Ra4 Rb3+ 41. Kf2 Rc3 42. Bf3 Rc2+ 43. Kg3 Rc4 44. Ra7+ Kf6 45. Ra6 Ke7 46. Kg4
Nxe4 47. Bxe4 Rxe4+ 48. Kg5 Re1 49. Kxg6 e4 50. Kf5 e3 51. Ke5 e2 52. Ra7+ Kd8
53. Kd6 Rc1 54. Ra8+ Rc8 55. Ra1 Rc4 (55... Rc7 56. Re1 Rd7+ $11) 56. h5 Kc8 $2
(56... Rc7 57. Re1 Rd7+ $11) 57. Ra8+ $18 Kb7 58. Re8 Rh4 59. Re7+ Kb8 60. Rxe2
Rxh5 61. Kc6 Rh1 62. d6 Rh8 63. Ra2 Rc8+ 1-0

[Event "Sautron op 13th"]
[Site "Sautron"]
[Date "2013.10.30"]
[Round "6"]
[White "Nguyen, Chi Minh"]
[Black "Le Roux, Jean Pierre"]
[Result "1/2-1/2"]
[WhiteElo "2389"]
[BlackElo "2571"]
[Annotator "RR"]
[PlyCount "128"]
[EventDate "2013.10.26"]
[EventType "swiss"]
[EventRounds "9"]
[EventCountry "FRA"]
[SourceTitle "EXT 2016"]
[Source "ChessBase"]
[SourceDate "2015.10.08"]
[SourceVersion "1"]
[SourceVersionDate "2015.10.08"]
[SourceQuality "1"]
[TimeControl "40/5400+30:1800+30"]
[WhiteClock "1:30:00"]
[BlackClock "1:30:00"]

1. d4 {[%emt 0:00:00]} Nf6 {[%emt 0:00:00]} 2. c4 {[%emt 0:00:10]} g6 {[%emt 0:
00:07]} 3. Nc3 {[%emt 0:00:40]} d5 {[%emt 0:00:41]} 4. cxd5 {[%emt 0:00:57]}
Nxd5 {[%emt 0:00:06]} 5. e4 {[%emt 0:00:26]} Nxc3 {[%emt 0:00:07]} 6. bxc3 {
[%emt 0:00:05]} Bg7 {[%emt 0:00:10]} 7. Be3 {[%emt 0:00:41] Une variante
solide qui était le thème du Championnat du Monde de Lyon} c5 {[%emt 0:00:57]
} 8. Rc1 {[%emt 0:00:41]} Qa5 {[%emt 0:03:16]} 9. Qd2 {[%emt 0:00:37]} cxd4 {
[%emt 0:02:39]} (9... O-O {L'alternative} 10. Nf3 Rd8 {[%cal Gd8d2]} 11. d5 e6
12. Bg5 f6 13. Bf4 Qa4 14. c4 (14. Qc2 Qxc2 15. Rxc2 exd5 16. exd5 Bf5 $11 {
Ding,L (2565)-Gupta,A (2560) Asian Continental op 9th 2010 (8) 1/2}) 14... Nc6
15. Be3 exd5 {Sargissian,G (2677)-Svidler,P (2731) Khanty-Mansiysk ol (Men)
39th 2010 (9.3) 0-1} (15... b6 $5 16. Bd3 Nb4 17. Bb1 b5 $1 {Delchev})) 10.
cxd4 {[%emt 0:00:18]} Qxd2+ {[%emt 0:00:31]} 11. Bxd2 {[%emt 0:00:44]} O-O {
[%emt 0:00:39]} 12. Nf3 {[%emt 0:00:56]} Bg4 {[%emt 0:00:05]} (12... e6 13. Bc4
Nc6 14. d5 exd5 15. Bxd5 h6 16. O-O Re8 17. Rb1 Re7 18. Rfc1 Be6 19. Bxe6 fxe6
20. Kf1 Rd8 21. Be3 Rd3 22. Ne1 Rd8 23. h4 Rf7 24. Nf3 Rd3 25. Bc5 Rfd7 26. Ke2
Rc3 27. Rxc3 Bxc3 28. g4 Bf6 29. Be3 Kg7 30. g5 hxg5 31. hxg5 Be7 32. Bd2 Bd8
33. Bc3+ Kg8 34. Bf6 Bb6 35. Nh2 Rh7 36. Ng4 Kf8 37. Kf3 Ke8 38. Kg2 Rh4 39.
Kg3 Rh7 40. f4 Rd7 41. Rh1 Rd3+ 42. Kg2 {Kramnik,V (2784)-Caruana,F (2796)
Dortmund 2013 1-0 (76)}) 13. Be3 {[%emt 0:00:37]} Nc6 {[%emt 0:10:11]} 14. d5 {
[%emt 0:01:18]} Bxf3 {[%emt 0:04:37]} 15. gxf3 {[%emt 0:00:06]} Nd4 {[%emt 0:
00:14]} 16. Bh3 $1 {[%emt 0:01:02]} f5 {[%emt 0:13:05]} (16... Nxf3+ $143 17.
Ke2 Nd4+ 18. Kd3 e5 19. Rc7 $32 {[%cal Gh1c1]}) 17. Bxd4 {[%emt 0:15:40]} Bxd4
{[%emt 0:00:07]} 18. exf5 {[%emt 0:02:37]} (18. Rc4 {[%cal Gc4d4,Ge1e2,Gh1c1]}
Bb6 19. exf5 Rac8 20. Rxc8 Rxc8 21. O-O Rc2 $132) 18... gxf5 {[%emt 0:00:50]}
19. Rg1+ $146 {[%emt 0:03:57]} (19. Ke2 Rad8 20. Rc7 Rxd5 21. Rxe7 Bc5 22. Rg1+
Kh8 23. Re6 Rfd8 24. Rc1 Rd2+ 25. Ke1 Bxf2+ 26. Kf1 Bb6 27. Re2 R2d3 28. Bg2 f4
29. Rb1 Be3 30. Bh3 Rd1+ 31. Rxd1 Rxd1+ 32. Re1 Rd6 33. Bf5 Kg7 34. Be4 b5 35.
Re2 Rd1+ 36. Re1 Rxe1+ 37. Kxe1 h6 38. Ke2 Kf6 39. Bc6 a6 40. Bb7 a5 41. Bc6 b4
42. Be8 {1/2-1/2 (42) Bazant,P (2303)-Skliba,M (2285) Czechia 2010}) 19... Kh8
{[%emt 0:00:44]} 20. Rg5 {[%emt 0:00:27]} Rad8 {[%emt 0:01:20]} 21. Rxf5 {
[%emt 0:04:28]} Rxf5 {[%emt 0:00:26]} 22. Bxf5 {[%emt 0:00:04]} Rxd5 {[%emt 0:
00:15]} 23. Rc8+ {[%emt 0:05:22]} Kg7 {[%emt 0:00:08]} 24. Rg8+ $1 {[%emt 0:00:
21]} Kh6 {[%emt 0:23:31] Joue pour le gain mais le K Noir est coupé} (24...
Kxg8 25. Be6+ {Conduit à une finale de B de couleurs opposées compensant la
mauvaise structure des Blancs}) 25. Be4 {[%emt 0:16:36]} Ra5 {[%emt 0:05:59]}
26. Rg3 {[%emt 0:01:17][%csl Rh6]} Rh5 {[%emt 0:16:31]} 27. f4 {[%emt 0:03:25]}
Rxh2 {[%emt 0:01:37]} 28. Bg2 {[%emt 0:01:09]} b6 {[%emt 0:06:19]} 29. Rg4 {
[%emt 0:05:15]} Rh5 {[%emt 0:02:15]} 30. Be4 {[%emt 0:02:12]} Bf6 {[%emt 0:00:
36]} 31. f5 {[%emt 0:03:17]} Rh3 {[%emt 0:01:14]} 32. Bd5 {[%emt 0:00:22]} Rh5
{[%emt 0:03:58]} 33. Be6 $44 {[%emt 0:02:08][%csl Ge6][%cal Ge6f5,Ge6a2]} Rh2 {
[%emt 0:00:44]} 34. Kf1 {[%emt 0:00:34]} Kh5 {[%emt 0:00:52]} (34... Rh3) 35.
Ra4 {[%emt 0:04:38]} a5 {[%emt 0:00:57]} 36. Kg1 {[%emt 0:01:42]} Rh4 {[%emt 0:
00:40]} 37. Rxh4+ {[%emt 0:00:34]} Kxh4 {[%emt 0:00:08]} 38. a4 {[%emt 0:00:14]
} Kg4 {[%emt 0:01:16]} 39. Bd7 {[%emt 0:00:54]} Kh3 $15 {[%emt 0:00:51][%csl
Rg1,Gh3][%cal Gh7h1]} 40. Kf1 {[%emt 0:00:00]} h5 {[%emt 0:00:00]} 41. Bb5 {
[%emt 0:10:50]} Kg4 {[%emt 0:04:33]} 42. Bd7 {[%emt 0:25:27]} h4 {[%emt 0:13:
50]} 43. Kg2 {[%emt 0:00:33]} h3+ {[%emt 0:01:46]} 44. Kg1 {[%emt 0:06:14]} Kh4
{[%emt 0:00:15]} (44... Be5 45. f6+) 45. Kh1 {[%emt 0:00:26]} Be5 {[%emt 0:00:
07] Le problème des Noirs est que le P passé "h" est soutenu par le mauvais B
} 46. Kg1 {[%emt 0:02:31]} Kg5 {[%emt 0:04:01]} 47. Kh1 {[%emt 0:00:06]} Kf6 {
[%emt 0:00:31]} 48. Kg1 {[%emt 0:01:01]} Bf4 {[%emt 0:00:36][%cal Gf6e5]} 49.
Kh1 {[%emt 0:00:08]} h2 {[%emt 0:01:20]} (49... Ke5) 50. Kg2 {[%emt 0:00:45]}
Ke5 {[%emt 0:00:30]} 51. Kh1 {[%emt 0:00:29]} Ke4 {[%emt 0:01:37]} 52. Kg2 {
[%emt 0:00:06]} Bd6 {[%emt 0:02:40]} 53. f6 $1 {[%emt 0:02:35]} exf6 {[%emt 0:
00:17]} 54. f3+ {[%emt 0:00:10]} Ke3 {[%emt 0:01:37]} 55. Bc6 {[%emt 0:00:15]}
Be5 {[%emt 0:01:37]} 56. Bd7 {[%emt 0:00:36]} Bc7 {[%emt 0:02:09]} 57. Bc6 {
[%emt 0:00:20]} Bf4 {[%emt 0:01:05]} 58. Bd7 {[%emt 0:00:31]} Bc7 {[%emt 0:00:
59]} 59. Bc6 {[%emt 0:00:13]} f5 {[%emt 0:00:23]} 60. Bd7 {[%emt 0:00:25]} Kf4
$11 {[%emt 0:00:32]} 61. Kxh2 {[%emt 0:00:13]} Kxf3+ {[%emt 0:00:04]} 62. Kg1 {
[%emt 0:00:04]} f4 {[%emt 0:00:15]} 63. Kf1 {[%emt 0:00:05]} Kg3 {[%emt 0:00:
38]} 64. Bb5 {[%emt 0:00:05]} f3 {[%emt 0:00:04]} 1/2-1/2

[Event "Sautron op 13th"]
[Site "Sautron"]
[Date "2013.10.27"]
[Round "2"]
[White "Koziak, Vitali"]
[Black "Bedouin, Xavier"]
[Result "1-0"]
[WhiteElo "2481"]
[BlackElo "2345"]
[Annotator "RR"]
[PlyCount "61"]
[EventDate "2013.10.26"]
[EventType "swiss"]
[EventRounds "9"]
[EventCountry "FRA"]
[SourceTitle "EXT 2014"]
[Source "ChessBase"]
[SourceDate "2013.11.20"]
[SourceVersion "1"]
[SourceVersionDate "2013.11.20"]
[SourceQuality "1"]
[TimeControl "40/5400+30:1800+30"]
[WhiteClock "1:30:00"]
[BlackClock "1:30:00"]

1. d4 {[%emt 0:00:00]} Nf6 {[%emt 0:00:00]} 2. c4 {[%emt 0:00:00]} g6 {[%emt 0:
00:11]} 3. Nc3 {[%emt 0:00:34]} d5 {[%emt 0:00:10]} 4. cxd5 {[%emt 0:00:54]}
Nxd5 {[%emt 0:00:09]} 5. Na4 $5 {[%emt 0:00:53][%csl Gc5][%cal Ge2e4] Une
ligne secondaire du MI NADANIAN pour éviter Nc3 et menacer de prendre le
centre par e4 tout en surcontrolant la case "c5"} Bg7 {[%emt 0:01:35]} 6. e4 {
[%emt 0:00:11]} Nb6 {[%emt 0:00:12]} (6... Nf6 7. f3) 7. Be3 {[%emt 0:00:46]}
O-O {[%emt 0:02:08]} 8. Nf3 {[%emt 0:00:40]} (8. Be2 Nxa4 9. Qxa4 c5 {[%cal
Gg7b2];Fahrner,K (2380)-Schachinger,M (2232) Graz op 2005 (4) 1/2}) 8... Bg4 {
[%emt 0:04:48]} 9. Nc5 {[%emt 0:03:38]} (9. Be2 Nc6 (9... Nxa4 10. Qxa4 c5) 10.
d5 Ne5 11. Nxe5 Bxe2 12. Qxe2 Nxa4 13. f4 e6 14. Qc2 (14. dxe6 Bxe5 15. exf7+
Rxf7 16. fxe5 Qh4+ 17. Bf2 Rxf2 18. Qxf2 Qxe4+ {Delchev}) 14... Nb6 {Van
Kampen,R (2618)-Schreiner,P (2452) EU-chT (Men) 19th 2013 (1.8) 1/2}) 9... Nc6
{[%emt 0:05:44]} 10. d5 {[%emt 0:10:32] Une longue réflexion étonnante car
normalement, les Blancs avaient préparé cette ligne Na4} (10. Nxb7 Qb8 11.
Ba6 f5 12. exf5 Rxf5 13. Nc5 e5 $6 (13... Bxf3 14. gxf3 e5 $13) 14. Qb3+ Kh8
15. Nxe5 Nxe5 16. dxe5 Rxe5 17. O-O Qf8 18. Rac1 Rd8 19. h3 Bf5 20. Rfd1 Red5
21. Re1 Re5 22. Red1 Red5 23. Rxd5 Rxd5 24. a4 Rd6 25. Nb7 Rd7 26. a5 Nd5 27.
Bb5 {1-0 (27) Riazantsev,A (2714)-Le Roux,J (2551) Belfort 2012}) 10... Ne5 {
[%emt 0:11:15]} 11. Nxb7 $146 {[%emt 0:12:44]} (11. Be2 Bxf3 12. gxf3 Nec4 13.
Bd4 Nxb2 14. Qd2 N2c4 15. Qc3 e5 16. Be3 Nxe3 17. Qxe3 Qh4 18. a4 a5 19. Nxb7
Nxd5 20. exd5 Qb4+ 21. Kf1 Qxb7 22. Rd1 Qb4 23. Bb5 Qh4 24. h3 f5 25. Qb3 Kh8
26. Rc1 e4 27. Rxc7 Bd4 28. Rc2 Rac8 29. Bc6 Rb8 30. Bb5 Rfc8 31. d6 Rc3 32.
Qxc3 Bxc3 33. Rxc3 Qf6 34. Re3 Qxd6 35. fxe4 f4 36. Re1 Rc8 37. Kg2 Qf6 38. e5
Qg5+ 39. Kf3 Qh5+ 40. Ke4 Qf5+ {Kantorik,M (2341)-Llaneza Vega,M (2468)
Pardubice 2008 0-1}) (11. Rc1 c6 (11... e6 12. Nxb7 {Alienkin,A (2415)
-Groszpeter,A (2505) Pardubice Czech op 1998 (6) 1/2})) 11... Qb8 {[%emt 0:04:
25]} 12. Ba6 {[%emt 0:02:18]} Nbc4 {[%emt 0:15:36]} (12... f5 $5) 13. O-O {
[%emt 0:13:56]} Qc8 $13 {[%emt 0:21:30][%csl Ra6,Rb7,Rf3]} 14. Bf4 {[%emt 0:14:
03]} Bxf3 {[%emt 0:12:07]} (14... Nxf3+ $143 15. gxf3 Bh3 16. Nc5 Qb8 17. Bxc4
Qb4 18. Qc2 Qxc5 19. Rfc1 $14) 15. gxf3 {[%emt 0:01:07]} Qh3 {[%emt 0:00:57]}
16. Bg3 {[%emt 0:01:29]} Nd2 {[%emt 0:08:30]} (16... Nxb2 17. Qe2 Na4 18. Rac1)
17. Be2 {[%emt 0:03:48]} Nxf1 {[%emt 0:00:06]} 18. Bxf1 $44 {[%emt 0:00:16]}
Qc8 {[%emt 0:00:23]} 19. Ba6 {[%emt 0:04:00]} Rb8 {[%emt 0:01:02]} 20. Nc5 {
[%emt 0:05:51]} Qe8 {[%emt 0:00:20]} (20... Qh3 $2 21. f4 Ng4 22. Bf1) 21. Rb1
{[%emt 0:00:38]} c6 {[%emt 0:02:38]} 22. b4 {[%emt 0:04:54]} cxd5 {[%emt 0:02:
41]} 23. exd5 {[%emt 0:00:43]} Rb6 {[%emt 0:01:48]} 24. Qe2 {[%emt 0:00:53]}
Qb8 $6 {[%emt 0:01:07]} (24... Nd7 $142 25. Bb5 Rxb5 26. Qxb5 Nb6) 25. Nd7 {
[%emt 0:03:49]} Qd6 {[%emt 0:00:09]} (25... Qc7) 26. Nxe5 {[%emt 0:02:16]} Rxb4
{[%emt 0:02:00]} 27. Rxb4 {[%emt 0:01:00]} Qxb4 {[%emt 0:00:11]} 28. Nc6 {
[%emt 0:00:20]} Qc5 {[%emt 0:00:58]} 29. Nxe7+ {[%emt 0:00:49]} Kh8 {[%emt 0:
00:04]} 30. d6 {[%emt 0:03:33]} Rd8 {[%emt 0:00:11]} 31. Qc4 {[%emt 0:00:50]}
1-0

[Event "ESP-chT CECLUB Honor"]
[Site "Melilla"]
[Date "2011.11.26"]
[Round "7"]
[White "Del Rio de Angelis, Salvador Gabriel"]
[Black "Kasimdzhanov, Rustam"]
[Result "1/2-1/2"]
[WhiteElo "2534"]
[BlackElo "2675"]
[Annotator "RR"]
[PlyCount "82"]
[EventDate "2011.11.21"]
[EventType "team-tourn"]
[EventRounds "7"]
[EventCountry "ESP"]
[SourceTitle "CBM 146"]
[Source "ChessBase"]
[SourceDate "2012.01.18"]
[SourceVersion "1"]
[SourceVersionDate "2012.01.18"]
[SourceQuality "1"]
[WhiteTeam "Sestao"]
[BlackTeam "Taldea Gros Xake"]
[WhiteTeamCountry "ESP"]
[BlackTeamCountry "ESP"]

1. d4 Nf6 2. c4 g6 3. Nc3 d5 4. cxd5 Nxd5 5. e4 Nxc3 6. bxc3 Bg7 7. Nf3 c5 8.
Rb1 O-O 9. Be2 Nc6 10. d5 Ne5 11. Nxe5 Bxe5 12. Qd2 e6 13. f4 Bc7 14. O-O exd5
15. exd5 Ba5 16. d6 Rb8 17. Ba3 Bf5 18. Rbc1 b6 19. g4 Bd7 20. f5 Qh4 21. Bf3
Rbd8 22. fxg6 hxg6 23. Qf4 Qh8 $6 (23... g5 24. Qe5 Rde8 $17) 24. Bb2 $14 Be6
25. Rf2 c4 26. Ba3 b5 $6 (26... Bxc3 27. Rxc3 Qxc3 $15) 27. Bc5 $16 Bb6 28.
Bxb6 axb6 29. Rb2 Qh3 30. Rd1 Bd7 31. Re2 b4 32. cxb4 c3 33. Rc1 Rc8 34. Re7
Bb5 35. Bd5 Qh7 36. d7 Rcd8 37. Rxc3 Bxd7 38. Qf6 $2 (38. Rh3 $3 g5 39. Qxg5+
$18) 38... Be8 $16 39. Re5 Bd7 $2 (39... Qg7 40. Rf3 Bd7) 40. Rg5 $2 (40. Rh3
$3 Qg7 41. Bxf7+ $1 $18) 40... Be6 $11 41. Rd3 Qg7 1/2-1/2

[Event "Vandoeuvre op 11th"]
[Site "Vandoeuvre"]
[Date "2014.12.29"]
[Round "8"]
[White "Skembris, Spyridon"]
[Black "Vovk, Yuri"]
[Result "1/2-1/2"]
[WhiteElo "2420"]
[BlackElo "2598"]
[Annotator "RR"]
[PlyCount "138"]
[EventDate "2014.12.26"]
[EventType "swiss"]
[EventRounds "9"]
[EventCountry "FRA"]
[SourceTitle "EXT 2017"]
[Source "ChessBase"]
[SourceDate "2016.10.25"]
[SourceVersion "1"]
[SourceVersionDate "2016.10.25"]
[SourceQuality "1"]

1. d4 Nf6 2. Nf3 g6 3. c4 Bg7 4. Nc3 d5 5. cxd5 Nxd5 6. e4 Nxc3 7. bxc3 c5 8.
Bb5+ Nd7 (8... Nc6 9. d5 Qa5 10. Rb1 $13) (8... Bd7) 9. O-O O-O 10. h3 Nf6 (
10... b6 11. Qe2 Bb7 12. Bg5 h6 13. Bh4 cxd4 14. cxd4 Nf6 15. d5 a6 16. Ba4 Nh5
17. Rad1 Qd6 18. e5 Qc5 19. Bb3 Rac8 20. Qe4 e6 21. g4 g5 22. gxh5 gxh4 23. Qg4
Kh8 24. Kh2 Rg8 25. Qxh4 a5 26. Rc1 Qxc1 27. Rxc1 Rxc1 28. Qf4 Rc3 29. Nd2 Rd3
30. Ne4 Rd4 31. Qe3 Bxe5+ 32. f4 Rxe4 33. Qxe4 Bf6 34. Qe3 a4 35. Bc4 b5 36.
Qb6 bxc4 37. Qxb7 exd5 38. Qxf7 Bg7 39. Qxd5 c3 40. Qc4 {Moiseenko,A (2699)
-Vachier Lagrave,M (2719) Biel 2013 1/2-1/2 (77)}) 11. Qe2 $146 (11. Bd3 Qa5
12. Bd2 Rd8 13. Qb3 Qc7 14. Rfe1 e6 15. Rab1 Rb8 16. Bg5 Re8 17. Qa4 b6 18. Bh4
Bd7 19. Qa3 Nh5 20. Bg5 Bf8 21. Qb2 Nf4 22. Bf1 h6 23. Bxf4 Qxf4 24. Ne5 Red8
25. Re3 Be8 26. Bb5 cxd4 27. cxd4 Bxb5 28. Qxb5 Rxd4 29. Nc6 Rd2 30. Rf3 Qd6
31. Nxb8 Qxb8 32. a4 Bc5 33. Rf1 Qb7 34. a5 Kg7 35. Qc4 Qd7 36. a6 Kg8 37. Qc3
Rd4 38. Qe3 Kg7 39. Qf4 Qe7 {1-0 (39) Estremera Panos,S (2330)-Perez Fungueiro,
M Pontevedra 1992}) 11... Qa5 12. a4 a6 (12... Qxc3 13. Bd2 Qc2 14. e5 Nd5 15.
Rac1) 13. Bd3 Be6 14. Ba3 (14. Rb1) 14... c4 15. Bc2 Rfe8 16. Rfb1 (16. Rab1)
16... Qc7 17. a5 $1 $16 Qxa5 18. Rxb7 Rab8 19. Rxb8 Rxb8 20. Qe1 Qc7 21. Bb4
Bc8 22. Qc1 Bb7 23. Qe3 e6 24. Ba5 Qc8 25. Nd2 Bf8 26. Qf4 $36 Nh5 27. Qe3 Bd6
28. Qe2 Nf4 29. Qxc4 Qd7 {[%cal Gc4f1,Gg2g3,Gf1h3]} 30. Rb1 Rc8 $2 31. Qf1 Bc6
32. g3 Nh5 33. Bd3 f5 34. Nc4 Bc7 35. Bxc7 Qxc7 36. exf5 (36. e5) (36. Ne5)
36... exf5 37. Ne5 $18 Be4 38. Bxe4 fxe4 39. Qxa6 e3 40. Rb7 exf2+ 41. Kxf2
Rf8+ 42. Kg2 Qxc3 43. Qe6+ Kh8 44. Rxh7+ $2 (44. Nf7+ Rxf7 45. Qe8+ Kg7 46.
Qxf7+ Kh6 47. Qxh7+ Kg5 48. Rb5+ Kf6 49. Rb6+) 44... Kxh7 45. Qxg6+ Kh8 46.
Qxh5+ Kg7 47. Qg6+ Kh8 48. Qh5+ Kg7 49. Qg6+ Kh8 50. Qh5+ {Une répétition en
zeitnot pour gagner du temps avec l'incrément} Kg7 51. Qg5+ Kh7 52. Qh4+ Kg7
53. Qg4+ Kh7 54. Qe4+ Kg7 55. h4 Qd2+ 56. Kh3 Rf2 57. Qg6+ Kf8 58. Qd6+ Kg7 59.
Qe7+ Kg8 60. Qe8+ Kg7 61. Qe7+ Kh8 62. Ng4 Rf1 63. Qe8+ Kg7 64. Qe7+ Kh8 65.
Qe5+ Kg8 66. Qe6+ (66. Nf6+ Kf7 67. Qe8+ $1 Kxf6 68. Qf8+) 66... Kh8 67. Qe5+
Kg8 68. Qd5+ Kg7 69. Qe5+ Kg8 {Cette cadence 1h30/KO ne permet pas de faire
des parties "propres"} 1/2-1/2